000 00375pab a2200157 454500
008 180718b2010 xxu||||| |||| 00| 0 eng d
100 _aShetty, S.L.
245 _aMore tax concessions for more inequality
260 _c2010
300 _ap.13-14.
362 _a13 Mar
650 _aIncome tax
773 _aEconomic and Political Weekly
908 _aN
909 _a85983
999 _c85983
_d85983